000 01090nam a22002057a 4500
008 240522t2024 xxk|||||o|||| 00| 0 eng d
041 _aeng
110 _aRoyal Institution of Chartered Surveyors
245 _aKing Charles III becomes Royal Patron of RICS
_h[Electronic resource]
260 _aLondon,
_bRoyal Institution of Chartered Surveyors,
_c21 May 2024
500 _aLetter from His Majesty King Charles III dated 3rd May is kept in the RICS Library archives ref 2024/1.
520 _aPress Release: The Royal Institution of Chartered Surveyors (RICS) is honoured and proud to announce that His Majesty, King Charles III, has become patron of the Institution. This marks an historic continuation of royal support since 1881, when RICS first received its Royal Charter.
650 _aROYAL PATRONAGE
650 _aKING'S PATRONAGE
651 _aInternational
690 _aRICS
_96277
710 _aRoyal Institution of Chartered Surveyors
856 _uhttps://www.rics.org/news-insights/king-charles-iii-becomes-royal-patron-of-rics
_zAvailable on RICS.org
942 _n0
999 _c121937
_d121937